000 00418 a2200145 4500
999 _c9252
_d9252
020 _a9781138926158
050 _aGN645AFR1987
245 _aAfrican systems of kinship and marriage /
_cedited by Radcliffe-Brown and Daryll Forde
264 _aNew York:
_bRoutledge,
_c1987
300 _a398p. :
500 _aincludes index
650 _akinship and marriage
700 _aForde Daryll
942 _2lcc
_cBK
_h645
_iAFR
_kGN